UBT Library

Food in history. (Record no. 40524)

000 -LEADER
fixed length control field 00566nam a2200241 4500
001 - CONTROL NUMBER
control field 1266057
005 - DATE AND TIME OF LATEST TRANSACTION
control field 20180119034121.0
008 - FIXED-LENGTH DATA ELEMENTS--GENERAL INFORMATION
fixed length control field 740829s1973 enkabeh b 001 0 eng
010 ## - LIBRARY OF CONGRESS CONTROL NUMBER
LC control number 74175634
015 ## - NATIONAL BIBLIOGRAPHY NUMBER
National bibliography number GB74-00491
020 ## - INTERNATIONAL STANDARD BOOK NUMBER
International Standard Book Number 0413273407
040 ## - CATALOGING SOURCE
Original cataloging agency DLC
Transcribing agency DLC
Modifying agency DLC
041 ## - LANGUAGE CODE
Language code of text/sound track or separate title eng
080 ## - UNIVERSAL DECIMAL CLASSIFICATION NUMBER
Universal Decimal Classification number 641.3009 TAN
082 00 - DEWEY DECIMAL CLASSIFICATION NUMBER
Classification number 641.3009 TAN
100 1# - Rafti
Rafti 16
101 ## - Shkurtesa
Shkurtesa HIS
245 10 - TITLE STATEMENT
Title Food in history.
350 ## - PRICE (NR) (BK AM CF MU VM SE) [OBSOLETE]
Price £4.95
504 ## - BIBLIOGRAPHY, ETC. NOTE
Bibliography, etc Bibliography: p. 399-414.
906 ## - LOCAL DATA ELEMENT F, LDF (RLIN)
a 7
b cbc
c orignew
d 4
e ncip
f 19
g y-gencatlg
942 ## - ADDED ENTRY ELEMENTS (KOHA)
Source of classification or shelving scheme
Item type Books
Holdings
Withdrawn status Lost status Source of classification or shelving scheme Damaged status Not for loan Collection code Permanent location Current location Shelving location Date acquired Total Checkouts Full call number Barcode Date last seen Price effective from Koha item type
          Koleksioni i përgjithshem UBT - Lipjan UBT - Lipjan Koleksioni i përgjithshem 01/19/2018   641.3009 TAN 002-2995712 01/19/2018 01/19/2018 Books
UBT Library © 2015-2024. All rights reserved University Education for Business and Technology